[Event "Mecklenburg VP LL2 Ost 2223"]
[Site "Mecklenburg VP"]
[Date "2023.03.19"]
[Round "7.5"]
[White "Buenz, Heinrich"]
[Black "Hausmann, Ulrich"]
[Result "1-0"]
[WhiteElo "1794"]
[BlackElo "1820"]
[PlyCount "101"]
[EventDate "2022.10.23"]
[EventType "team-tourn"]
[EventRounds "9"]
[EventCountry "GER"]
[SourceTitle "EXT 2024"]
[Source "ChessBase"]
[SourceDate "2023.10.10"]
[SourceVersion "1"]
[SourceVersionDate "2023.10.10"]
[SourceQuality "1"]
[WhiteTeam "Neubrandenburg II"]
[BlackTeam "Graal Mueritz II"]
[WhiteTeamCountry "GER"]
[BlackTeamCountry "GER"]

1. Nf3 d6 2. g3 e5 3. d3 Nc6 4. Bg2 Nf6 5. 0-0 Be6 6. Ng5 Bd7 7. Nc3 h6 8. Nge4 Be6 9. f4 Be7 10. f5 Bd7 11. Nxf6+ Bxf6 12. Nd5 Rb8 13. c3 Ne7 14. Nxf6+ gxf6 15. e4 c6 16. Qh5 d5 17. Qh4 Ng8 18. Be3 b6 19. exd5 c5 20. Be4 Bc8 21. Rad1 Bb7 22. d4 cxd4 23. cxd4 Qd6 24. dxe5 fxe5 25. Rf2 Nf6 26. Bg2 Kd7 27. Qa4+ Ke7 28. Qxa7 Ng4 29. Re2 Nxe3 30. Rxe3 Qc5 31. Qa3 Qxa3 32. Rxa3 Kd6 33. Ra7 f6 34. Bf1 Rhc8 35. Ba6 Bxa6 36. Rxa6 Rc5 37. Ra7 e4 38. Rf7 Ke5 39. Re7+ Kxf5 40. d6 Re5 41. Rf1+ Kg6 42. Rxe5 fxe5 43. Kf2 Rd8 44. Rd1 Kf5 45. Ke3 Rd7 46. h3 h5 47. b3 b5 48. a3 Ke6 49. Kxe4 Rxd6 50. Rxd6+ Kxd6 51. a4 1-0

[Event "Mecklenburg VP Landesliga Ost 1920"]
[Site "Mecklenburg VP"]
[Date "2019.09.29"]
[Round "1.7"]
[White "Behrens, Christoph"]
[Black "Buenz, Heinrich"]
[Result "1-0"]
[WhiteElo "1653"]
[BlackElo "1794"]
[PlyCount "83"]
[EventDate "2019.09.29"]
[EventType "team-tourn"]
[EventRounds "9"]
[EventCountry "GER"]
[SourceTitle "EXT 2023"]
[Source "ChessBase"]
[SourceDate "2022.10.05"]
[SourceVersion "1"]
[SourceVersionDate "2022.10.05"]
[SourceQuality "1"]
[WhiteTeam "Bergen Rugia"]
[BlackTeam "Neubrandenburg SG Eintracht II"]
[WhiteTeamCountry "GER"]
[BlackTeamCountry "GER"]

1. e4 e5 2. Nf3 Nc6 3. Bb5 d6 4. Nc3 Nf6 5. 0-0 Be7 6. d3 0-0 7. h3 Bd7 8. Be3 a6 9. Bc4 Na5 10. Bb3 c6 11. Qd2 b5 12. a3 Nxb3 13. cxb3 a5 14. b4 a4 15. d4 exd4 16. Bxd4 Ne8 17. Rad1 Be6 18. Qe3 Bb3 19. Rd2 Ra6 20. Re1 f5 21. exf5 Rxf5 22. Ne4 Bd5 23. Ng3 Rf7 24. Rde2 Ra8 25. Ne4 Nc7 26. Neg5 Bxg5 27. Nxg5 Rf5 28. Ne4 Qd7 29. Qg3 Bxe4 30. Rxe4 Raf8 31. Bxg7 Qxg7 32. Rg4 Qxg4 33. Qxg4+ Kh8 34. Qd4+ R5f6 35. Re2 Nd5 36. Re6 Nf4 37. Qxf6+ Rxf6 38. Rxf6 Nd3 39. Rxd6 Nxb2 40. Rxc6 Nc4 41. Rxc4 bxc4 42. Kf1 1-0

[Event "Mecklenburg VP LL2 Ost 1819"]
[Site "Mecklenburg VP"]
[Date "2018.11.11"]
[Round "2.5"]
[White "Buenz, Heinrich"]
[Black "Behrens, Christoph"]
[Result "1/2-1/2"]
[WhiteElo "1632"]
[BlackElo "1621"]
[PlyCount "32"]
[EventDate "2018.10.21"]
[EventType "team-tourn"]
[EventRounds "9"]
[EventCountry "GER"]
[SourceTitle "EXT 2022"]
[Source "ChessBase"]
[SourceDate "2021.10.06"]
[SourceVersion "1"]
[SourceVersionDate "2021.10.06"]
[SourceQuality "1"]
[WhiteTeam "Neubrandenburg SG Eintracht II"]
[BlackTeam "Bergen Rugia"]
[WhiteTeamCountry "GER"]
[BlackTeamCountry "GER"]

1. Nf3 Nc6 2. g3 Nf6 3. Bg2 e6 4. 0-0 d5 5. d4 h6 6. Nbd2 Be7 7. Re1 0-0 8. a3 b6 9. b4 a5 10. b5 Na7 11. a4 c6 12. bxc6 Nxc6 13. c3 Qc7 14. e4 Nh7 15. exd5 exd5 16. Qb3 Be6 1/2-1/2

[Event "Mecklenburg VP LL2 Ost 1819"]
[Site "Mecklenburg VP"]
[Date "2018.10.21"]
[Round "1.6"]
[White "Buenz, Heinrich"]
[Black "Wehrmann, Horst"]
[Result "0-1"]
[WhiteElo "1632"]
[BlackElo "1620"]
[PlyCount "106"]
[EventDate "2018.10.21"]
[EventType "team-tourn"]
[EventRounds "9"]
[EventCountry "GER"]
[SourceTitle "EXT 2022"]
[Source "ChessBase"]
[SourceDate "2021.10.06"]
[SourceVersion "1"]
[SourceVersionDate "2021.10.06"]
[SourceQuality "1"]
[WhiteTeam "Neubrandenburg SG Eintracht II"]
[BlackTeam "Ribnitz Damgarten"]
[WhiteTeamCountry "GER"]
[BlackTeamCountry "GER"]

1. Nf3 Nc6 2. g3 d5 3. Bg2 e6 4. 0-0 Nf6 5. c3 Bd6 6. d3 0-0 7. Nbd2 h6 8. Nb3 Bd7 9. Bd2 Nh7 10. Qc1 Qf6 11. c4 d4 12. e3 dxe3 13. fxe3 Qg6 14. d4 f6 15. Ne1 Rab8 16. Nc2 Ng5 17. Qe1 Qxc2 18. Bc3 Qg6 19. e4 Nd8 20. a4 c6 21. Rd1 Qe8 22. e5 fxe5 23. Rxf8+ Qxf8 24. dxe5 Bc5+ 25. Kh1 Be8 26. Nxc5 Qxc5 27. Bb4 Qxc4 28. Bd6 Rc8 29. Be7 Ngf7 30. Qf2 Qxa4 31. Rf1 Qa5 32. Bd6 b6 33. b4 Qb5 34. Rd1 Nxd6 35. exd6 Bd7 36. Rf1 Qf5 37. Qe2 Qg6 38. Qa2 a5 39. bxa5 bxa5 40. Qxa5 Qe8 41. Bf3 c5 42. Qc3 Bc6 43. Kg2 Bxf3+ 44. Rxf3 Qc6 45. Kh3 Nf7 46. Re3 Qxd6 47. Rd3 Qc6 48. Rd1 Ng5+ 49. Kh4 Qe4+ 50. g4 Qe2 51. Rh1 Qf2+ 52. Kh5 Qf3 53. Re1 Qxc3 0-1

[Event "Mecklenburg VP LL2 Ost 1617"]
[Site "Mecklenburg VP"]
[Date "2017.03.19"]
[Round "7.5"]
[White "Kuehn, Peter1111"]
[Black "Buenz, Heinrich"]
[Result "1/2-1/2"]
[WhiteElo "1793"]
[BlackElo "1638"]
[PlyCount "37"]
[EventDate "2016.10.16"]
[EventType "team-tourn"]
[EventRounds "9"]
[EventCountry "GER"]
[SourceTitle "EXT 2022"]
[Source "ChessBase"]
[SourceDate "2021.10.06"]
[SourceVersion "1"]
[SourceVersionDate "2021.10.06"]
[SourceQuality "1"]
[WhiteTeam "Waren Malchow"]
[BlackTeam "Neubrandenburg SG Eintracht II"]
[WhiteTeamCountry "GER"]
[BlackTeamCountry "GER"]

1. e4 e5 2. Nf3 Nc6 3. d4 exd4 4. Nxd4 Nxd4 5. Qxd4 Qf6 6. e5 Qc6 7. Nc3 Ne7 8. f3 Nf5 9. Qd5 Bb4 10. Qxc6 dxc6 11. Bd2 0-0 12. 0-0-0 Be6 13. a3 Ba5 14. Bd3 Nh4 15. Bg5 Bxc3 16. bxc3 Ng6 17. Rhe1 Rfe8 18. Bd2 Rad8 19. Bxg6 1/2-1/2

[Event "Mecklenburg VP LL2 Ost 1516"]
[Site "Mecklenburg VP"]
[Date "2016.04.24"]
[Round "9.3"]
[White "Onasch, Gunnar"]
[Black "Buenz, Heinrich"]
[Result "1-0"]
[WhiteElo "1782"]
[BlackElo "1678"]
[PlyCount "87"]
[EventDate "2015.09.20"]
[EventType "team-tourn"]
[EventRounds "9"]
[EventCountry "GER"]
[SourceTitle "EXT 2022"]
[Source "ChessBase"]
[SourceDate "2021.10.06"]
[SourceVersion "1"]
[SourceVersionDate "2021.10.06"]
[SourceQuality "1"]
[WhiteTeam "Waterkant Saal SV"]
[BlackTeam "Neubrandenburg SG Eintracht II"]
[WhiteTeamCountry "GER"]
[BlackTeamCountry "GER"]

1. d4 Nf6 2. c4 e6 3. Nf3 Be7 4. Nc3 0-0 5. e4 d6 6. Bd3 Nbd7 7. 0-0 b6 8. Qe2 Bb7 9. Re1 Re8 10. h3 Rc8 11. e5 Bxf3 12. Qxf3 dxe5 13. dxe5 Nc5 14. exf6 Qxd3 15. Qxd3 Nxd3 16. Rd1 Ne5 17. fxe7 Nxc4 18. b3 Nd6 19. Ba3 f6 20. Bxd6 cxd6 21. Ne4 Rxe7 22. Rxd6 Rc2 23. Rd2 Rec7 24. Rad1 h6 25. Kf1 Kh7 26. Rxc2 Rxc2 27. Rd2 Rc1+ 28. Ke2 Kg6 29. Ke3 e5 30. Nd6 f5 31. Nc4 Re1+ 32. Re2 f4+ 33. Kd2 Rxe2+ 34. Kxe2 Kf6 35. Kd3 b5 36. Nd6 a6 37. Ne4+ Kf5 38. b4 g5 39. f3 h5 40. Nc5 g4 41. hxg4+ hxg4 42. Nxa6 e4+ 43. fxe4+ Ke5 44. Ke2 1-0

[Event "Mecklenburg VP LL2 Ost 1516"]
[Site "Mecklenburg VP"]
[Date "2016.04.10"]
[Round "8.3"]
[White "Buenz, Heinrich"]
[Black "Nauschuetz, Ernst"]
[Result "1/2-1/2"]
[WhiteElo "1678"]
[BlackElo "1853"]
[PlyCount "53"]
[EventDate "2015.09.20"]
[EventType "team-tourn"]
[EventRounds "9"]
[EventCountry "GER"]
[SourceTitle "EXT 2022"]
[Source "ChessBase"]
[SourceDate "2021.10.06"]
[SourceVersion "1"]
[SourceVersionDate "2021.10.06"]
[SourceQuality "1"]
[WhiteTeam "Neubrandenburg SG Eintracht II"]
[BlackTeam "Greifswald II"]
[WhiteTeamCountry "GER"]
[BlackTeamCountry "GER"]

1. Nf3 c5 2. c4 Nf6 3. g3 d5 4. cxd5 Nxd5 5. Bg2 Nc6 6. 0-0 e5 7. Nc3 Nc7 8. d3 Be7 9. Be3 Qd7 10. Rc1 0-0 11. Na4 Qe6 12. Nxc5 Qxa2 13. b3 Qa5 14. Ra1 Qb5 15. Ne4 Nd5 16. Bd2 f6 17. Qc2 Be6 18. Qc4 Qb6 19. Be3 Qd8 20. Bc5 Nc7 21. Bxe7 Qxe7 22. Qc5 Bd5 23. Nfd2 Qxc5 24. Nxc5 Bxg2 25. Kxg2 b6 26. Nce4 Nd5 27. Rfc1 1/2-1/2

[Event "Mecklenburg VP LL2 Ost 1516"]
[Site "Mecklenburg VP"]
[Date "2016.03.13"]
[Round "7.6"]
[White "Raitza, Egon"]
[Black "Buenz, Heinrich"]
[Result "0-1"]
[WhiteElo "1688"]
[BlackElo "1678"]
[PlyCount "132"]
[EventDate "2015.09.20"]
[EventType "team-tourn"]
[EventRounds "9"]
[EventCountry "GER"]
[SourceTitle "EXT 2022"]
[Source "ChessBase"]
[SourceDate "2021.10.06"]
[SourceVersion "1"]
[SourceVersionDate "2021.10.06"]
[SourceQuality "1"]
[WhiteTeam "Rostock SSC 07 III"]
[BlackTeam "Neubrandenburg SG Eintracht II"]
[WhiteTeamCountry "GER"]
[BlackTeamCountry "GER"]

1. d4 Nf6 2. c4 e6 3. Nc3 Be7 4. e4 d6 5. Bd3 Nbd7 6. Nge2 b6 7. 0-0 0-0 8. f3 c5 9. Be3 Ba6 10. Rc1 Rc8 11. Qa4 Nb8 12. Rfd1 Nfd7 13. Nb5 cxd4 14. Bxd4 Nc5 15. Bxc5 Bxb5 16. cxb5 dxc5 17. e5 Qc7 18. Qe4 g6 19. Bc4 Rfd8 20. b3 Rd7 21. Rxd7 Qxd7 22. f4 Rd8 23. Qc2 Qd2 24. g3 Qe3+ 25. Kg2 Rd2 26. Qc3 Qxc3 27. Rxc3 Rxa2 28. Kf3 Kf8 29. Rd3 Ra1 30. Rd2 Ke8 31. Nc3 Nd7 32. Ne4 Nf8 33. h4 h6 34. Kg4 Nh7 35. Kf3 Nf8 36. Kg4 Nd7 37. Kf3 Nb8 38. Kg4 a5 39. h5 gxh5+ 40. Kxh5 Rh1+ 41. Kg4 h5+ 42. Kf3 h4 43. Kg2 Re1 44. Nd6+ Bxd6 45. Rxd6 hxg3 46. Rxb6 Nd7 47. Ra6 Ra1 48. b6 a4 49. b7 Ra2+ 50. Kxg3 axb3 51. Ra8+ Ke7 52. b8B Nxb8 53. Rxb8 Rc2 54. Bb5 f5 55. Rb7+ Kf8 56. Ba4 c4 57. Rb4 Kf7 58. Bb5 Rc3+ 59. Kh4 Rf3 60. Rxc4 b2 61. Rc7+ Kg8 62. Kg5 b1Q 63. Rc8+ Kf7 64. Rc7+ Kf8 65. Rc8+ Ke7 66. Re8+ Kf7 0-1

[Event "Mecklenburg VP LL2 Ost 1314"]
[Site "Mecklenburg VP"]
[Date "2014.04.06"]
[Round "8.4"]
[White "Dohnow, Thomas"]
[Black "Buenz, Heinrich"]
[Result "1/2-1/2"]
[WhiteElo "1726"]
[BlackElo "1714"]
[PlyCount "46"]
[EventDate "2013.10.27"]
[EventType "team-tourn"]
[EventRounds "9"]
[EventCountry "GER"]
[SourceTitle "EXT 2022"]
[Source "ChessBase"]
[SourceDate "2021.10.06"]
[SourceVersion "1"]
[SourceVersionDate "2021.10.06"]
[SourceQuality "1"]
[WhiteTeam "Waren ESV"]
[BlackTeam "Neubrandenburg SG Eintracht II"]
[WhiteTeamCountry "GER"]
[BlackTeamCountry "GER"]

1. c4 e5 2. Nc3 Nf6 3. Nf3 Nc6 4. a3 d5 5. cxd5 Nxd5 6. e3 Nf6 7. Bb5 Qd6 8. h3 a6 9. Bxc6+ Qxc6 10. 0-0 Bd6 11. d4 e4 12. Ne5 Bxe5 13. dxe5 Nd7 14. Qg4 0-0 15. Qxe4 Qxe4 16. Nxe4 Nxe5 17. Bd2 Be6 18. Bc3 Nc6 19. Nc5 Bc4 20. Rfd1 b6 21. Ne4 Rad8 22. Ng3 Bb3 23. Rac1 Ba4 1/2-1/2

[Event "Mecklenburg VP LL2 Ost 1314"]
[Site "Mecklenburg VP"]
[Date "2013.11.10"]
[Round "2.3"]
[White "Onasch, Gunnar"]
[Black "Buenz, Heinrich"]
[Result "1-0"]
[WhiteElo "1863"]
[BlackElo "1714"]
[PlyCount "101"]
[EventDate "2013.10.27"]
[EventType "team-tourn"]
[EventRounds "9"]
[EventCountry "GER"]
[SourceTitle "EXT 2022"]
[Source "ChessBase"]
[SourceDate "2021.10.06"]
[SourceVersion "1"]
[SourceVersionDate "2021.10.06"]
[SourceQuality "1"]
[WhiteTeam "Waterkant Saal SV"]
[BlackTeam "Neubrandenburg SG Eintracht II"]
[WhiteTeamCountry "GER"]
[BlackTeamCountry "GER"]

1. d4 Nf6 2. c4 e6 3. Nf3 Be7 4. Nc3 0-0 5. Qc2 d6 6. e4 Nbd7 7. Bd3 e5 8. d5 Nc5 9. Be2 Bg4 10. h3 Bh5 11. Be3 Na6 12. 0-0 h6 13. Rab1 Bg6 14. Bd3 Nb4 15. Qd2 Nxd3 16. Qxd3 Nxe4 17. Nxe4 f5 18. Qc2 fxe4 19. Nd2 Bg5 20. Rbe1 Bxe3 21. Rxe3 Qh4 22. Nxe4 Rf7 23. Qe2 Raf8 24. f3 Kh7 25. c5 dxc5 26. Nxc5 Rd8 27. Rd1 Re7 28. Rxe5 Rxe5 29. Qxe5 Re8 30. Ne6 Re7 31. Nf8+ Kg8 32. Nxg6 Rxe5 33. Nxh4 Kf7 34. Kf2 g5 35. f4 Re4 36. Nf3 Rxf4 37. Rc1 Rb4 38. Rxc7+ Kf6 39. Rc2 Ke7 40. Ke3 Kd6 41. Rd2 g4 42. Nd4 gxh3 43. gxh3 h5 44. Nf3 Rc4 45. b3 Rc1 46. Ng5 Rg1 47. Ne4+ Kd7 48. d6 Rg6 49. Nc5+ Kd8 50. d7 Rb6 51. Ke4 1-0

[Event "Mecklenburg VP LL2 Ost 0910"]
[Site "Mecklenburg VP"]
[Date "2010.01.24"]
[Round "5.7"]
[White "Buenz, Heinrich"]
[Black "Melzer, Georg"]
[Result "1/2-1/2"]
[WhiteElo "1636"]
[BlackElo "1610"]
[PlyCount "86"]
[EventDate "2009.10.18"]
[EventType "team-tourn"]
[EventRounds "9"]
[EventCountry "GER"]
[SourceTitle "EXT 2016"]
[Source "ChessBase"]
[SourceDate "2015.10.08"]
[SourceVersion "1"]
[SourceVersionDate "2015.10.08"]
[SourceQuality "1"]
[WhiteTeam "Neubrandenburg SG Eintracht II"]
[BlackTeam "Pasewalk"]
[WhiteTeamCountry "GER"]
[BlackTeamCountry "GER"]

1. Nf3 Nf6 2. c4 d6 3. g3 g6 4. b3 Bg7 5. Bb2 0-0 6. Bg2 e5 7. 0-0 Nc6 8. Na3 Bd7 9. Nc2 Re8 10. Rc1 a5 11. a3 Rb8 12. d4 exd4 13. Nfxd4 Nxd4 14. Bxd4 Nh5 15. e3 Bxd4 16. Qxd4 Qf6 17. Rfd1 Qxd4 18. Rxd4 Ng7 19. Rcd1 b6 20. R4d2 Re5 21. Nd4 Rbe8 22. Nc6 Bxc6 23. Bxc6 R8e7 24. Kg2 Ne6 25. b4 Nd8 26. Bf3 Ne6 27. Rd5 Rxd5 28. Rxd5 axb4 29. axb4 Kg7 30. Rd2 Ng5 31. Bc6 f5 32. h4 Ne4 33. Rd3 Nf6 34. f3 Nd7 35. c5 bxc5 36. Bxd7 Rxd7 37. bxc5 d5 38. e4 fxe4 39. fxe4 Kf6 40. exd5 Ke5 41. d6 cxd6 42. cxd6 Rxd6 43. Rf3 Rd7 1/2-1/2